| Tag |
First Indicator |
Second Indicator |
Subfields |
| LEADER |
00000cam a2200000 4500 |
| 001 |
in00000031438 |
| 005 |
20151007061659.0 |
| 008 |
800630r18711851enk 00010 eng d |
| 035 |
|
|
|a (OCoLC)06471992
|
| 035 |
|
|
|9 AAD2755AM
|
| 040 |
|
|
|a TXA
|c TXA
|d UtOrBLW
|
| 049 |
|
|
|a TXAM
|c [215219]
|
| 090 |
|
|
|a PR4803.H6
|b G7
|
| 092 |
|
|
|a 821
|b H815g
|
| 100 |
1 |
|
|a Horne, R. H.
|q (Richard Henry),
|d 1802-1884.
|
| 245 |
1 |
4 |
|a The great peace-maker :
|b a submarine dialogue /
|c By R. H. Horne ... With a preface by the author of 'Our living poets' ...
|
| 264 |
|
2 |
|a London :
|b Printed for private distribution [by Robson and sons],
|c 1871.
|
| 300 |
|
|
|a xi, [13]-32 pages ;
|c 24 cm.
|
| 336 |
|
|
|a text
|b txt
|2 rdacontent
|
| 337 |
|
|
|a unmediated
|b n
|2 rdamedia
|
| 338 |
|
|
|a volume
|b nc
|2 rdacarrier
|
| 500 |
|
|
|a Reprinted from 'Household words' for June 14, 1851.
|
| 500 |
|
|
|a Preface signed: H. Buxton Forman. Christmas, 1871.
|
| 500 |
|
|
|a Date on cover: 1872.
|
| 650 |
|
0 |
|a Transatlantic cables
|x Poetry.
|
| 650 |
|
0 |
|a Peace
|v Poetry.
|
| 700 |
1 |
|
|a Forman, H. Buxton
|q (Harry Buxton),
|d 1842-1917.
|
| 999 |
|
|
|a MARS
|
| 999 |
f |
f |
|s b9ed4538-4702-3af0-832d-ea669795661b
|i 370717c4-b0ef-32d2-9690-b61d91349110
|t 0
|
| 952 |
f |
f |
|p ric
|a Texas A&M University
|b Rellis Campus
|c Joint Library Facility
|d Remote Storage
|t 0
|e PR4803.H6 G7
|h Library of Congress classification
|i unmediated -- volume
|m A14801280927
|
| 998 |
f |
f |
|a PR4803.H6 G7
|t 0
|l Remote Storage
|